| 000 | 00534nam a2200181Ia 4500 | ||
|---|---|---|---|
| 005 | 20250326125609.0 | ||
| 008 | 250326s9999 xx 000 0 und d | ||
| 037 | _aTextbook | ||
| 040 |
_aFMSL _beng _cFMSL |
||
| 041 |
_aeng _2eng |
||
| 084 |
_aX8(D).56 L1 _qFMSL |
||
| 100 |
_aGoss R O _9248247 |
||
| 245 | 0 |
_aEconomies of size in dry bulk carriers _cGoss R O; Jones C D |
|
| 260 |
_aLondon _bLondon, Her Majesty's Stationery Office _c1971 |
||
| 300 | _a50p | ||
| 942 |
_cTB _hX8(D).56 L1 |
||
| 999 |
_c1278744 _d1278744 |
||